| 000 | 00381nam a2200157Ia 4500 | ||
|---|---|---|---|
| 008 | 230711s9999||||xx |||||||||||||| ||und|| | ||
| 041 | _aENG | ||
| 082 |
_a677 _bLA-S |
||
| 100 | _aLawrence,Carl A | ||
| 245 | 0 | _aFundamentals of spun yarn technology | |
| 250 | _a1st Ed. | ||
| 260 |
_c2003 _aUSA _bCRC Press Florida |
||
| 300 | _a524 | ||
| 650 | _aTextile Engineering | ||
| 942 | _cBK | ||
| 999 |
_c4725 _d4725 |
||